| 000 | 00872nam a22001217a 4500 | ||
|---|---|---|---|
| 040 | _cRUA | ||
| 082 | _aAGR TAL 2017 B625 Or.1 | ||
| 100 | _aTAL SOKLY តាល់ សុខលី | ||
| 245 | _aeffect of different bagging to prevent fruit fly on bitter gourd ( Momordica charantia L) in crop station of royal university of agriculture ឥទ្ធិពលនៃប្រភេទខ្ចប់ផ្លែខុសៗគ្នាដើម្បីទប់ស្កាត់ការបំផ្លាញពីរុយទិចផ្លែ លើដំណាំម្រះក្នុងស្ថានីពិសោធន៏ដំណាំនៃសាកលវិទ្យាល័យភូមិកសិកម្ម | ||
| 260 |
_aPhnom Penh _bRUA _c2017 |
||
| 856 | _uhttps://drive.google.com/file/d/1FxRKrjvKeIIqfiIejEsPIcSjaR2w0gmH/view?usp=sharing | ||
| 942 | _cAGR | ||
| 999 |
_c17767 _d17767 |
||